Effect of small scale aquacultural food security in chbar mon district kompong speu province (ឥទ្ធិពលនៃការចិញ្ចឹមត្រីជាលក្ខណះគ្រួសារសំរាប់ស្ថេរភាពស្ពៀងនៅក្នុងស្រុកច្បារមនខេត្តកំពង់ស្ពឺ) (Record no. 4191)

000 -LEADER
fixed length control field 00728nam a22001577a 4500
003 - CONTROL NUMBER IDENTIFIER
control field OSt
005 - DATE AND TIME OF LATEST TRANSACTION
control field 20151208091332.0
008 - FIXED-LENGTH DATA ELEMENTS--GENERAL INFORMATION
fixed length control field 151208b xxu||||| |||| 00| 0 eng d
040 ## - CATALOGING SOURCE
Transcribing agency RUA
082 ## - DEWEY DECIMAL CLASSIFICATION NUMBER
Classification number FIS CHO 1997 B167 Or.1
100 ## - MAIN ENTRY--PERSONAL NAME
9 (RLIN) 4495
Personal name CHOURP, SAMNANG.
245 ## - TITLE STATEMENT
Title Effect of small scale aquacultural food security in chbar mon district kompong speu province (ឥទ្ធិពលនៃការចិញ្ចឹមត្រីជាលក្ខណះគ្រួសារសំរាប់ស្ថេរភាពស្ពៀងនៅក្នុងស្រុកច្បារមនខេត្តកំពង់ស្ពឺ)
260 ## - PUBLICATION, DISTRIBUTION, ETC. (IMPRINT)
Place of publication, distribution, etc. Phnom Penh
Name of publisher, distributor, etc. RUA
Date of publication, distribution, etc. 1997
300 ## - PHYSICAL DESCRIPTION
Extent 54p.
Other physical details ill.
Dimensions 29cm.
942 ## - ADDED ENTRY ELEMENTS (KOHA)
Source of classification or shelving scheme
Koha item type FIS
Holdings
Price effective from Date last seen Permanent Location Not for loan Date acquired Source of classification or shelving scheme Koha item type Barcode Lost status Damaged status Shelving location Withdrawn status Current Location Full call number
2015-12-082015-12-08Library Block B 2015-12-08 FISRUA028384  B167 Library Block BFIS CHO 1997 B167 Or.1
2015-12-082015-12-08Library Block B 2015-12-08 FISRUA028906  B167 Library Block BFIS CHO 1997 B167 Or.2
2015-12-082015-12-08Library Block B 2015-12-08 FISRUA012438  B167 Library Block BFIS CHO 1997 B167 Or.3
2015-12-082015-12-08Library Block B 2015-12-08 FISRUA012726  B167 Library Block BFIS CHO 1997 B167 Or.4
2015-12-082015-12-08Library Block B 2015-12-08 FISRUA012654  B167 Library Block BFIS CHO 1997 B167 Or.5
2015-12-082015-12-08Library Block B 2015-12-08 FISRUA010667  B167 Library Block BFIS CHO 1997 B167 Or.6
2015-12-082015-12-08Library Block B 2015-12-08 FISRUA010954  B167 Library Block BFIS CHO 1997 B167 Or.7
2015-12-082015-12-08Library Block B 2015-12-08 FISRUA010595  B167 Library Block BFIS CHO 1997 B167 Or.8
2015-12-082015-12-08Library Block B 2015-12-08 FISRUA010116   B167 Library Block BFIS CHO 1997 B167 Or.9
2015-12-082015-12-08Library Block B 2015-12-08 FISRUA010738  B167 Library Block BFIS CHO 1997 B167 Or.10
2015-12-082015-12-08Library Block B 2015-12-08 FISRUA028833  B167 Library Block BFIS CHO 1997 B167 Or.11
2015-12-082015-12-08Library Block B 2015-12-08 FISRUA010739  B167 Library Block BFIS CHO 1997 B167 Or.12
មជ្ឈមណ្ឌលឯការនៃសាកលវិទ្យាល័យភូមិន្ទកសិកម្មចំការដូង

Powered by Koha